Onomatopoeia in Real Life Quiz Stats

Quiz Updated Nov 2, 2012

Challenge
Share
Tweet
Score 0/20 Timer 03:00
5 Plays Today
% Correct
1Woof!
99.1%
4Moo!
97.6%
14Hush!
94.7%
9Clang!
94.2%
13Quack!
92.8%
10Drip!
92.2%
5Howl!
92.2%
19Buzz!
91.3%
6Hiss!
90.8%
7Splat!
90.6%
% Correct
3Achoo!
89.3%
17Pop!
88.9%
16Slap!
88%
18Kaboom!
86.5%
15Sizzle!
85.8%
12Vroom!
82.3%
20Clink!
81.6%
11Fizz!
80.5%
2Jangle!
73.9%
8Screech!
65.8%

You're not logged in!

Compare scores with friends on all Sporcle quizzes.
Sign Up with Email
OR
Log In

You Might Also Like...

Show Comments

Extras

Top Quizzes Today


Score Distribution

Your Account Isn't Verified!

In order to create a playlist on Sporcle, you need to verify the email address you used during registration. Go to your Sporcle Settings to finish the process.